Predbežná bilancia peňažných príjmov a výdavkov obyvateľstva SR za 1.-3. štvrťrok 1992

Gespeichert in:
Bibliographische Detailangaben
Format: Buch
Sprache:Slowakisch
Veröffentlicht: Bratislava Slovenský štatistický úrad 1993
Tags: Tag hinzufügen
Keine Tags, Fügen Sie das erste Tag hinzu!

MARC

LEADER 00000nam a2200000 4500
001 c003617
005 20260210134153.8
041 0 |a slo 
044 |a SK 
245 1 0 |a Predbežná bilancia peňažných príjmov a výdavkov obyvateľstva SR za 1.-3. štvrťrok 1992 
264 1 |a Bratislava  |b Slovenský štatistický úrad  |c 1993 
300 |a 16 s.